| 000 | 00420 a2200133 4500 | ||
|---|---|---|---|
| 000 | nam a22 7a 4500 | ||
| 100 | _aVithayathil, Trina | ||
| 110 | _aVithayathil, Trina | ||
| 245 | _aCounting Caste: Census Politics, Bureaucratic Deflection, and Brahmanical Power in India | ||
| 250 | _aLatest edition | ||
| 260 |
_bCambridge University Press _c2025 |
||
| 264 |
_bCambridge University Press _c2025 |
||
| 942 | _cBK | ||
| 999 |
_c396096 _d396096 |
||